El gobierno debe cambiar: el desarrollo rural no se resuelve en secreto /

Tallennettuna:
Bibliografiset tiedot
Päätekijä: Cáceres, Sinforiano
Aineistotyyppi: Teksti
Tagit: Lisää tagi
Ei tageja, Lisää ensimmäinen tagi!

MARC

LEADER 00000 a a2200000 04500
001 45305
003
040
100 |a Cáceres, Sinforiano  
245 |a El gobierno debe cambiar:   |b el desarrollo rural no se resuelve en secreto /  |c Sinforiano Cáceres  
773 |g volumen26, número302 ( , 2007), páginas 13-19  
999 |c 26369  |d 26369